000 01058nas a2200313 4500
001 BR2013005244
003 BR-BrBNA
005 20231205122607.0
007 ta
008 230509b bl.|||p| |||| 00| 00por d
040 _aBR-BrBNA
_bpor
_cBiblioteca Nacional de Agricultura
041 _a(Pt)
072 _aK10
100 1 _aBobrowski, R.
100 1 _aBiondi, D.
100 1 _a
100 1 _a
100 1 _a
245 1 _aDistribuição e dinâmica da área de copa na arborização de ruas de Curitiba, Paraná, Brasil, no período de 1984-2010
246 1 _aDistribution and dynamics of crown area on street trees of Curitiba, Paraná, Brazil, in the period 1984-2010
650 _aÁRVORE
650 _aSOMBREAMENTO
650 _aARBORIZAÇÃO
650 _a
773 0 _tRevista Árvore (Brazil)
_xISSN 0100-6762
_g(Jul-Aug 2012), v. 36(4) p. 625-635
_wBR2013005244
856 4 _uhttp://www.scielo.br/pdf/rarv/v36n4/a05v36n4.pdf
_yRecurso eletrônico (PDF)
909 _a202311
_bLúcia
_c55
_dLúcia Elande
942 _2AGRIS
_n0
_cANA
999 _c229471
_d229471